000 00606nam a2200229Ia 4500
005 20240202111932.0
008 131103s9999 xx 000 0 und d
020 _a070696369 5
040 _aLoreto College
041 _aEnglish
082 _a370.15
_bCHA
100 _aChauhan,S.S.
245 _aAdvanced Educational Psychology,
_cS.S.Chauhan
250 _a4th rev. ed.
260 _aDelhi
_bVikas Publishing
_c1988
300 _axiii,542 p.
_b ill.,fig.
504 _aIncludes appendix and index
650 _aEducation
651 _aEducational Psychology
850 _aLCLIB
942 _cBK
999 _c3749
_d54228